[Event "World Junior Open 2015"]
[Site "Khanty-Mansiysk RUS"]
[Date "2015.09.03"]
[Round "2.16"]
[White "Ratkovic, Miloje"]
[Black "Bajarani, Ulvi"]
[Result "0-1"]
[BlackTitle "GM"]
[WhiteElo "2388"]
[BlackElo "2535"]
[WhiteFideId "914517"]
[BlackFideId "13403028"]
[EventDate "2015.09.02"]

1. d4 f5 2. Nc3 Nf6 3. Bg5 d5 4. Bxf6 exf6 5. e3 Be6 6. Bd3 Nc6 7. Nge2 Qd7 8.
a3 Bf7 9. Qd2 Ne7 10. O-O-O Nc8 11. f3 Nd6 12. Nf4 c6 13. e4 fxe4 14. fxe4 dxe4
15. Nxe4 Nxe4 16. Bxe4 O-O-O 17. d5 cxd5 18. Nxd5 Kb8 19. Kb1 Bd6 20. Bf3 Qc8
21. h4 Rhe8 22. h5 h6 23. Rh4 Re5 24. c4 Bc5 25. Ka1 Rd6 26. Qa5 Ra6 27. Qc3 Qf8
28. Kb1 Qe8 29. Rg4 Bxd5 30. cxd5 Bd6 31. Rxg7 Rb6 32. Rc1 a6 33. Qd4 Rb5 34.
Ka2 Re3 35. Rc2 Reb3 36. Be2 Rb6 37. Qc4 Qe3 38. Rg8+ Ka7 39. Qc8 Rxb2+ 40. Rxb2
Qxa3+ 41. Kb1 Qxb2# 0-1

[Event "World Junior Open 2015"]
[Site "Khanty-Mansiysk RUS"]
[Date "2015.09.03"]
[Round "2.17"]
[White "Chigaev, Maksim"]
[Black "Bilguun, Sumiya"]
[Result "1/2-1/2"]
[WhiteTitle "IM"]
[BlackTitle "FM"]
[WhiteElo "2531"]
[BlackElo "2343"]
[WhiteFideId "4108116"]
[BlackFideId "4901541"]
[EventDate "2015.09.02"]

1. e4 c5 2. Nf3 e6 3. g3 Nc6 4. Bg2 Nge7 5. d3 g6 6. O-O Bg7 7. Qe2 d6 8. c3 O-O
9. Rd1 e5 10. a3 b5 11. Be3 Qb6 12. b4 a5 13. Nbd2 axb4 14. axb4 Be6 15. Ng5 Ba2
16. Nf1 Bb3 17. Rdb1 Rxa1 18. Rxa1 h6 19. Qb2 hxg5 20. Qxb3 Bf6 21. h3 Nd8 22.
Nh2 Ne6 23. Bf3 Qc6 24. Bg4 c4 25. dxc4 bxc4 26. Qb1 Nc7 27. Bf3 Nb5 28. Qc1 d5
29. exd5 Nxd5 30. Bxd5 Qxd5 31. Ng4 Bg7 32. Bc5 Re8 33. Ra5 Qd7 34. Ra6 e4 35.
Qxg5 Nxc3 36. Nf6+ Bxf6 37. Rxf6 Ne2+ 38. Kh2 c3 39. Rd6 Qf5 40. Qxf5 gxf5 41.
Rc6 Rb8 42. Bd6 1/2-1/2

[Event "World Junior Open 2015"]
[Site "Khanty-Mansiysk RUS"]
[Date "2015.09.03"]
[Round "2.18"]
[White "Sanal, Vahap"]
[Black "Harsha, Bharathakoti"]
[Result "0-1"]
[WhiteTitle "IM"]
[WhiteElo "2522"]
[BlackElo "2393"]
[WhiteFideId "6300545"]
[BlackFideId "5078776"]
[EventDate "2015.09.02"]

1. Nf3 d5 2. g3 e6 3. Bg2 c5 4. d4 cxd4 5. Nxd4 Nf6 6. O-O e5 7. Nb3 Be6 8. Bg5
Nbd7 9. e4 dxe4 10. Nc3 Be7 11. Bxf6 Nxf6 12. Nxe4 Qc7 13. c3 Nd7 14. f4 f5 15.
Ng5 Bxg5 16. Qh5+ g6 17. Qxg5 Bxb3 18. axb3 e4 19. g4 O-O 20. b4 Rae8 21. Kh1 a6
22. Ra5 fxg4 23. Bxe4 Nf6 24. Bg2 Re2 25. Qc5 Qxc5 26. Rxc5 Rf7 27. Rc8+ Kg7 28.
Rb8 Rxb2 29. Rxb7 Rxb7 30. Bxb7 a5 31. Bc8 axb4 32. cxb4 Rxb4 33. Kg2 Nd5 34.
Kg3 Rb3+ 35. Kh4 Rh3+ 36. Kxg4 Rc3 37. Ba6 Ne3+ 38. Kg5 h6+ 39. Kh4 Nf5+ 40. Kg4
Kf6 0-1

[Event "World Junior Open 2015"]
[Site "Khanty-Mansiysk RUS"]
[Date "2015.09.03"]
[Round "2.19"]
[White "Cori, Jorge"]
[Black "Taalaibekov, Tagir"]
[Result "1-0"]
[WhiteTitle "GM"]
[WhiteElo "2637"]
[BlackElo "2222"]
[WhiteFideId "3802272"]
[BlackFideId "13801163"]
[EventDate "2015.09.02"]

1. Nf3 Nf6 2. c4 c5 3. Nc3 Nc6 4. g3 e5 5. Bg2 Be7 6. O-O O-O 7. a3 d6 8. Rb1 a5
9. d3 h6 10. Nd2 Be6 11. Nd5 Re8 12. e3 Rb8 13. f4 exf4 14. gxf4 Bf5 15. Nxf6+
Bxf6 16. Ne4 Bh4 17. b3 Qd7 18. Bb2 Qe6 19. Kh1 Bg4 20. Qd2 Kh8 21. Bf3 Bf5 22.
Rg1 f6 23. Rg2 Bh3 24. Rbg1 Bxg2+ 25. Qxg2 Re7 26. Qg6 Rf8 27. Nxd6 Qxd6 28. Be4
Kg8 29. Qxh6 Bg5 30. Qh7+ Kf7 31. Qg6+ Ke6 32. Bf5# 1-0

[Event "World Junior Open 2015"]
[Site "Khanty-Mansiysk RUS"]
[Date "2015.09.03"]
[Round "2.20"]
[White "Megalios, Konstantinos"]
[Black "Pichot, Alan"]
[Result "0-1"]
[BlackTitle "IM"]
[WhiteElo "2242"]
[BlackElo "2528"]
[WhiteFideId "4238044"]
[BlackFideId "110973"]
[EventDate "2015.09.02"]

1. d4 Nf6 2. c4 g6 3. Nc3 Bg7 4. e4 d6 5. Be2 O-O 6. Bg5 Na6 7. Qd2 c6 8. f4 b5
9. cxb5 cxb5 10. Bxb5 Rb8 11. Bxf6 exf6 12. Nf3 f5 13. e5 dxe5 14. Nxe5 Nc7 15.
Bc4 Be6 16. Bxe6 Nxe6 17. Nc6 Qe8 18. Nxb8 Nxf4+ 19. Kd1 Qxb8 20. Kc2 Rd8 21.
Rad1 Rxd4 22. Qe3 Re4 23. Qc1 Bxc3 24. bxc3 Nxg2 25. Rd4 Qe8 26. Kb2 Ne3 27. Ka1
Rxd4 28. cxd4 Qe4 29. Qc8+ Kg7 30. Rc1 Qxd4+ 31. Qc3 Qxc3+ 32. Rxc3 f4 33. Kb1
g5 34. Kc1 g4 35. Kd2 h5 36. Ke2 h4 37. Rb3 h3 38. Rb4 g3 39. Kf3 g2 40. Kf2
Nd1+ 41. Kg1 f3 42. Rg4+ Kf8 0-1

[Event "World Junior Open 2015"]
[Site "Khanty-Mansiysk RUS"]
[Date "2015.09.03"]
[Round "2.21"]
[White "Ererdem, Gani Eren"]
[Black "Karthikeyan, Murali"]
[Result "0-1"]
[BlackTitle "GM"]
[WhiteElo "2213"]
[BlackElo "2509"]
[WhiteFideId "6310915"]
[BlackFideId "5074452"]
[EventDate "2015.09.02"]

1. d4 Nf6 2. c4 g6 3. Nf3 Bg7 4. g3 O-O 5. Bg2 d6 6. O-O c5 7. Nc3 Nc6 8. dxc5
dxc5 9. Be3 Nd7 10. Qc1 Nd4 11. Rd1 e5 12. Bg5 f6 13. Bd2 Nb6 14. e3 Nc6 15. Be1
Qe7 16. Nd5 Qf7 17. Nd2 Bg4 18. Nxb6 axb6 19. Bd5 Be6 20. Ne4 Rad8 21. Qd2 h6
22. Bxe6 Qxe6 23. Qe2 f5 24. Nc3 e4 25. Nd5 Ne5 26. Bc3 Nf3+ 27. Kg2 Bxc3 28.
bxc3 g5 29. Rab1 Rd6 30. Nc7 Rxd1 31. Qxd1 Qg6 32. Qd5+ Kh8 33. Ne6 Rg8 34. Rxb6
Qh5 35. h3 Ne1+ 36. Kf1 Nd3 37. Rb1 Qf3 38. Kg1 Qxf2+ 39. Kh1 Qf3+ 40. Kh2 Qf2+
41. Kh1 Qxg3 0-1

[Event "World Junior Open 2015"]
[Site "Khanty-Mansiysk RUS"]
[Date "2015.09.03"]
[Round "2.22"]
[White "Iskandarov, Misratdin"]
[Black "Dutreuil, Raphael"]
[Result "1-0"]
[WhiteTitle "IM"]
[WhiteElo "2405"]
[BlackElo "2166"]
[WhiteFideId "13400312"]
[BlackFideId "20630999"]
[EventDate "2015.09.02"]

1. c4 g6 2. Nc3 c5 3. g3 Bg7 4. Bg2 Nc6 5. Nf3 e5 6. d3 Nge7 7. h4 h6 8. Bd2 d6
9. Qc1 Bg4 10. Rb1 Qd7 11. a3 Nd4 12. Nxd4 cxd4 13. Nd5 Nxd5 14. Bxd5 Be6 15.
Bg2 d5 16. b3 Rc8 17. O-O e4 18. Qd1 f5 19. cxd5 Bxd5 20. Bb4 e3 21. fxe3 dxe3
22. Rc1 Bxg2 23. Rxc8+ Qxc8 24. Kxg2 Qc6+ 25. Kh2 Kf7 26. Qc1 Bd4 27. Qxc6 bxc6
28. Rc1 Rc8 29. Bc5 Bxc5 30. Rxc5 Ke6 31. Kg2 Kd6 32. b4 Re8 33. h5 gxh5 34.
Rxf5 Re5 35. Rf6+ Kd5 36. Kf3 c5 37. bxc5 Kxc5 38. Rf4 Re6 39. Re4 Ra6 40. a4
Rg6 41. Rxe3 Rf6+ 42. Ke4 Ra6 43. d4+ Kc4 44. d5 1-0

[Event "World Junior Open 2015"]
[Site "Khanty-Mansiysk RUS"]
[Date "2015.09.03"]
[Round "2.23"]
[White "Leiva, Giuseppe"]
[Black "Fontaine, Quentin"]
[Result "1-0"]
[WhiteTitle "IM"]
[WhiteElo "2400"]
[BlackElo "2122"]
[WhiteFideId "3804399"]
[BlackFideId "230804"]
[EventDate "2015.09.02"]

1. d4 Nf6 2. c4 g6 3. g3 Bg7 4. Bg2 O-O 5. Nc3 d6 6. Nf3 Nc6 7. O-O a6 8. Qd3
Rb8 9. d5 Nb4 10. Qd1 a5 11. a3 Na6 12. Nd4 Nd7 13. b3 Nb6 14. a4 Nd7 15. Ra2
Ndc5 16. Rd2 Bd7 17. h3 Rc8 18. Ba3 c6 19. e3 Qb6 20. Nce2 Nb4 21. Qb1 cxd5 22.
cxd5 Nca6 23. Qe4 Bf6 24. Rc1 Rxc1+ 25. Bxc1 Rc8 26. Ba3 Rc5 27. Qb1 Qc7 28. Kh2
b5 29. axb5 Bxb5 30. Nxb5 Rxb5 31. Bb2 Nc5 32. Bxf6 exf6 33. Nd4 Rb7 34. Qd1 Qe7
35. Nc6 Qc7 36. Rd4 Nba6 37. Bf1 Nb8 38. b4 Nxc6 39. dxc6 Rxb4 40. Rxd6 Ne4 41.
Rd8+ Kg7 42. Qd7 Qb6 43. c7 Rb2 44. c8=Q Rxf2+ 45. Kg1 Qxe3 46. Qxf7+ 1-0

[Event "World Junior Open 2015"]
[Site "Khanty-Mansiysk RUS"]
[Date "2015.09.03"]
[Round "2.24"]
[White "Isaev, Chyngyz"]
[Black "Johansson, Linus"]
[Result "0-1"]
[BlackTitle "IM"]
[WhiteElo "2163"]
[BlackElo "2400"]
[WhiteFideId "13801660"]
[BlackFideId "1711113"]
[EventDate "2015.09.02"]

1. d4 e6 2. c4 Nf6 3. Nf3 b6 4. a3 Bb7 5. Nc3 d5 6. cxd5 Nxd5 7. Qc2 Be7 8. Bd2
Nxc3 9. Bxc3 Qd5 10. e3 Nd7 11. Bd3 Nf6 12. O-O O-O 13. Rfe1 Ne4 14. Bxe4 Qxe4
15. Qxe4 Bxe4 16. Bb4 c5 17. Bc3 f6 18. Red1 Bc2 19. Rd2 Ba4 20. dxc5 bxc5 21.
Rc1 Rab8 22. Ne1 Rfd8 23. Rxd8+ Rxd8 24. f3 Kf7 25. Kf2 g5 26. e4 h5 27. Nc2 g4
28. Ne3 gxf3 29. gxf3 Bd6 30. e5 Bf8 31. exf6 Bh6 32. h4 Bb3 33. Re1 Bf4 34. Rg1
Bh6 35. Nf1 Rd3 36. Be5 Bd5 37. Rg3 Bc4 38. f4 Rd1 39. Rg1 Rd3 40. Ng3 Rd2+ 41.
Ke3 Rd3+ 42. Kf2 Rd2+ 43. Kf3 Rd3+ 44. Kg2 Bd5+ 45. Kh3 c4 46. Re1 Bf3 47. Rf1
Bf8 48. Rf2 Bc5 49. Rc2 Bd1 50. Rg2 Bf3 51. Rc2 a5 52. Kh2 Bb6 53. Kh3 Bd1 54.
Rg2 a4 55. Kh2 Bf3 56. Rc2 Bd1 57. Rg2 Bf3 58. Rc2 Bd8 59. Kg1 Bd1 60. Rc3 Bb6+
61. Kf1 Bg4 62. Rxd3 cxd3 63. Ne4 Kg6 64. Ke1 Be3 65. Nd2 Be2 66. Nc4 Bc5 67.
Kd2 Bf2 68. Nd6 Bxh4 69. Ne8 Bf2 70. Nd6 Bc5 71. Ne4 Bb6 72. Ng3 Bd8 73. Ne4 h4
74. Ke3 h3 75. Kf2 h2 0-1

[Event "World Junior Open 2015"]
[Site "Khanty-Mansiysk RUS"]
[Date "2015.09.03"]
[Round "2.25"]
[White "Bida, Mihai-Eugen"]
[Black "Van Laeken, Jonathan"]
[Result "1/2-1/2"]
[WhiteTitle "FM"]
[WhiteElo "2394"]
[BlackElo "1866"]
[WhiteFideId "1200062"]
[BlackFideId "228567"]
[EventDate "2015.09.02"]

1. d4 g6 2. c4 Bg7 3. Nc3 c5 4. d5 Bxc3+ 5. bxc3 f5 6. Nf3 Qa5 7. Qc2 d6 8. Rb1
Nf6 9. Ng5 h6 10. Ne6 Bxe6 11. dxe6 b6 12. g4 Nc6 13. Bg2 Rc8 14. Bxc6+ Rxc6 15.
gxf5 gxf5 16. Rb5 Qa6 17. Qxf5 Qxa2 18. Qf3 Rc8 19. Qb7 Kd8 20. Bf4 Qxc4 21.
Bxd6 Re8 22. Rxb6 Qxc3+ 23. Kf1 Qh3+ 24. Ke1 Qc3+ 25. Kf1 Qh3+ 26. Ke1 Qc3+ 1/2-1/2

[Event "World Junior Open 2015"]
[Site "Khanty-Mansiysk RUS"]
[Date "2015.09.03"]
[Round "2.26"]
[White "Lootens, Matthias"]
[Black "Akash, G"]
[Result "0-1"]
[BlackTitle "IM"]
[WhiteElo "1935"]
[BlackElo "2382"]
[WhiteFideId "218634"]
[BlackFideId "5040299"]
[EventDate "2015.09.02"]

1. e4 g6 2. d4 Bg7 3. Nf3 d6 4. Nbd2 Nf6 5. c3 O-O 6. Bd3 Nbd7 7. O-O e5 8. a4
exd4 9. Nxd4 Ne5 10. Bb1 Re8 11. h3 c5 12. Nb5 a6 13. Na3 b5 14. f4 Nc6 15. axb5
axb5 16. Nc2 Bb7 17. Rxa8 Qxa8 18. Na3 Na7 19. Re1 Nxe4 20. Nxe4 Bxe4 21. Bxe4
Rxe4 22. Kh2 b4 23. cxb4 cxb4 24. Qf3 d5 25. Nc2 Rxe1 26. Nxe1 Nb5 27. Qb3 Qc6
28. Nd3 Qc4 29. Qxc4 dxc4 30. Nxb4 Nd4 31. Bd2 Ne2 32. Bc3 Nxc3 33. bxc3 Bxc3
34. Nc2 Bd2 35. Kg3 f5 36. Kf3 Kf7 37. Nd4 Bc3 38. Ke3 Bb4 39. Nc6 Bc5+ 40. Kd2
Ke6 41. Ne5 Kd5 42. Kc2 Bd6 43. Nd7 Bxf4 44. Nf6+ Ke6 45. Nxh7 Kf7 46. h4 Kg7
47. Ng5 Bxg5 48. hxg5 Kf7 49. Kc3 Ke6 50. Kxc4 Ke5 51. Kd3 Kf4 52. Ke2 Kg3 53.
Kf1 Kh4 54. Kf2 Kxg5 55. Kf3 Kh5 56. Kg3 g5 57. Kh3 g4+ 58. Kh2 Kg5 59. Kg3 f4+
60. Kf2 Kf5 61. Kf1 Ke5 62. Ke1 Kd4 63. g3 f3 64. Kf2 Kd3 65. Kf1 f2 66. Kxf2
Kd2 67. Kg2 Ke2 0-1

[Event "World Junior Open 2015"]
[Site "Khanty-Mansiysk RUS"]
[Date "2015.09.03"]
[Round "2.27"]
[White "Bogdanov, Egor"]
[Black "Chumak, Dmitrii"]
[Result "1-0"]
[WhiteElo "2333"]
[BlackElo "1808"]
[WhiteFideId "14119137"]
[BlackFideId "34106658"]
[EventDate "2015.09.02"]

1. e4 c6 2. d4 d5 3. exd5 cxd5 4. c4 dxc4 5. Bxc4 e6 6. Nf3 Nc6 7. O-O Nf6 8.
Nc3 Be7 9. Bg5 O-O 10. a3 b6 11. Qd3 Bb7 12. Ba2 Nd5 13. Bb1 g6 14. Bh6 Re8 15.
Ba2 Nxc3 16. bxc3 Bf6 17. Qe4 Qc8 18. Qf4 Bg7 19. Ng5 Rf8 20. Qh4 Ne7 21. Bxg7
Kxg7 22. Qxh7+ Kf6 23. Qh6 Rh8 24. Nh7+ Rxh7 25. Qxh7 Qc6 26. d5 Nxd5 27. Qh4+
Kg7 28. Bxd5 Qxd5 29. Qd4+ Qxd4 30. cxd4 Rd8 31. Rfd1 b5 32. Rac1 Bd5 33. Rd2 a5
34. Rb2 Bc4 35. a4 Rd5 36. f3 Bd3 37. axb5 Bxb5 38. Rc5 Be8 39. Rb8 Bd7 40. Rxd5
exd5 41. Rd8 Bc6 42. Rd6 Bb7 43. Rb6 Bc8 44. Rb5 a4 45. Rxd5 Be6 46. Ra5 Bb3 47.
h4 Kf6 48. g4 1-0

[Event "World Junior Open 2015"]
[Site "Khanty-Mansiysk RUS"]
[Date "2015.09.03"]
[Round "2.28"]
[White "El Fazari, Mohamed Amin"]
[Black "Popov, Mikhail"]
[Result "0-1"]
[BlackTitle "FM"]
[WhiteElo "1832"]
[BlackElo "2327"]
[WhiteFideId "9002545"]
[BlackFideId "4146182"]
[EventDate "2015.09.02"]

1. d4 Nf6 2. c4 g6 3. Nc3 Bg7 4. e4 d6 5. f3 O-O 6. Be3 Nc6 7. Qd2 a6 8. Nge2
Na5 9. Nf4 b5 10. cxb5 axb5 11. Bxb5 Nb3 12. Qd1 Nxa1 13. Qxa1 Nd7 14. h4 h6 15.
Qc1 e5 16. Nfe2 Kh7 17. g4 exd4 18. Nxd4 Ba6 19. h5 g5 20. Bxd7 Qxd7 21. Nf5 Be5
22. Nd5 Qb5 23. Qd2 Qd3 24. Nxc7 Qb1+ 25. Qc1 Qxc1+ 26. Bxc1 Rac8 27. Kf2 Rxc7 0-1

[Event "World Junior Open 2015"]
[Site "Khanty-Mansiysk RUS"]
[Date "2015.09.03"]
[Round "2.29"]
[White "Kirk, Ezra"]
[Black "Dias, Matheus Nunes"]
[Result "1-0"]
[WhiteTitle "FM"]
[WhiteElo "2315"]
[BlackElo "1699"]
[WhiteFideId "600067"]
[BlackFideId "2136570"]
[EventDate "2015.09.02"]

1. d4 Nf6 2. c4 e6 3. Nc3 d5 4. cxd5 exd5 5. Bg5 Be7 6. e3 O-O 7. Bd3 c6 8. Qc2
Nbd7 9. Nge2 Re8 10. O-O g6 11. f3 Nh5 12. Bxe7 Qxe7 13. e4 dxe4 14. fxe4 Nf8
15. Rf2 Qd6 16. e5 Qd8 17. Ne4 Bg4 18. Nd6 Bxe2 19. Bxe2 Qh4 20. Bxh5 Qxh5 21.
Nxe8 Rxe8 22. Raf1 Re7 23. Qc4 Ne6 24. Rxf7 1-0

[Event "World Junior Open 2015"]
[Site "Khanty-Mansiysk RUS"]
[Date "2015.09.03"]
[Round "2.30"]
[White "O'Mahoney, Keegan"]
[Black "Hasenohr, Benedict"]
[Result "0-1"]
[BlackTitle "FM"]
[WhiteElo "1788"]
[BlackElo "2309"]
[WhiteFideId "2506190"]
[BlackFideId "1303309"]
[EventDate "2015.09.02"]

1. d4 e6 2. c4 Bb4+ 3. Bd2 a5 4. Nf3 d6 5. g3 Qe7 6. Bg2 e5 7. Qa4+ Bd7 8. Qb3
e4 9. Ng1 Nc6 10. Bxb4 axb4 11. e3 Nf6 12. Nd2 O-O 13. Ne2 Bg4 14. Nf4 Bf3 15.
Bxf3 exf3 16. Nxf3 Qe4 17. Qd1 Nxd4 18. Qxd4 Qxf3 19. O-O Ra5 20. Qd1 Qe4 21.
Qd3 Rfa8 22. Qxe4 Nxe4 23. Nd5 Rxa2 24. Rxa2 Rxa2 25. Nxc7 Rxb2 26. Nb5 g5 27.
Nd4 h5 28. f3 Nd2 29. Rc1 b3 30. c5 dxc5 31. Rxc5 Rb1+ 32. Kg2 b2 33. Rxg5+ Kf8
34. Rb5 Nc4 35. Ne2 Nxe3+ 36. Kf2 Nd1+ 37. Kg2 Ra1 38. Nc3 Nxc3 39. Rxb2 Ra2 40.
Rxa2 Nxa2 41. h4 Kg7 42. Kf2 Kg6 43. g4 Nc3 44. Ke3 Nd5+ 45. Ke4 Nf6+ 46. Kf4
Nxg4 47. fxg4 hxg4 48. Kxg4 b5 0-1

[Event "World Junior Open 2015"]
[Site "Khanty-Mansiysk RUS"]
[Date "2015.09.03"]
[Round "2.31"]
[White "Sabirov, Timur"]
[Black "Serikbay, Chingiz"]
[Result "0-1"]
[BlackTitle "FM"]
[WhiteElo "1665"]
[BlackElo "2272"]
[WhiteFideId "44107323"]
[BlackFideId "13707604"]
[EventDate "2015.09.02"]

1. e4 c5 2. Nf3 e6 3. d4 cxd4 4. Nxd4 Nc6 5. Nxc6 bxc6 6. Nc3 d5 7. exd5 cxd5 8.
Bf4 a6 9. Qd4 Nf6 10. Be5 Bd6 11. Bxd6 Qxd6 12. Qa4+ Bd7 13. Qa5 O-O 14. Be2 d4
15. Rd1 Bc6 16. O-O e5 17. Na4 Nd5 18. Bf3 Nf4 19. Qb6 Rac8 20. Bxc6 Rxc6 21.
Qb3 Qg6 22. g3 Nh3+ 23. Kg2 Qe4+ 24. f3 Qe2+ 25. Kxh3 Rh6+ 26. Kg4 Qxh2 27. Rh1
Rg6+ 28. Kf5 Qxg3 29. Ke4 Qf4+ 30. Kd3 Qxf3+ 31. Kc4 Rc8+ 32. Nc5 Rxc5+ 33. Kxc5
Rc6+ 34. Kb4 Rb6+ 35. Ka3 Rxb3+ 36. axb3 g5 37. Rdf1 Qd5 38. b4 g4 39. Rh5 Qe6
40. Rfh1 e4 41. Rxh7 Kf8 42. R7h2 e3 43. Rg1 Qe4 44. Ka2 Qf3 45. Ka1 g3 46. Rh8+
Ke7 47. Re1 Qf2 48. Rhh1 g2 49. Rhg1 Qxc2 50. Rc1 Qf2 51. Kb1 d3 0-1

[Event "World Junior Open 2015"]
[Site "Khanty-Mansiysk RUS"]
[Date "2015.09.04"]
[Round "3.1"]
[White "Grigoryan, Karen H."]
[Black "Tari, Aryan"]
[Result "1-0"]
[WhiteTitle "GM"]
[BlackTitle "IM"]
[WhiteElo "2609"]
[BlackElo "2518"]
[WhiteFideId "13301004"]
[BlackFideId "1510045"]
[EventDate "2015.09.02"]

1. c4 Nf6 2. Nf3 e6 3. Nc3 d5 4. d4 Bb4 5. cxd5 exd5 6. Bg5 h6 7. Bxf6 Qxf6 8.
Qa4+ Nc6 9. e3 O-O 10. Be2 Be6 11. O-O a6 12. Rfc1 Bd6 13. Qd1 Ne7 14. Na4 b6
15. Qf1 Bg4 16. Ne1 Bd7 17. Nc3 c5 18. Nc2 c4 19. e4 Bf4 20. Ne3 Qg5 21. Ncxd5
Nxd5 22. exd5 b5 23. Bf3 Rae8 24. Re1 Bd6 25. g3 Qf6 26. Bg2 Qxd4 27. Re2 f5 28.
Bh3 Qf6 29. a4 g5 30. axb5 axb5 31. Ra7 Bc8 32. Qe1 Kh8 33. Nd1 Rxe2 34. Qxe2 g4
35. Bf1 f4 36. Ra8 Qd4 37. Rxc8 Rxc8 38. Qe6 Qc5 39. Qxh6+ Kg8 40. Qg6+ Kf8 41.
Qf5+ Ke7 42. Nc3 Kd8 43. Ne4 Qb6 44. Qf7 Be7 45. Qxf4 Qd4 46. d6 Bxd6 47. Qxd6+
Qxd6 48. Nxd6 Rb8 49. Nf7+ Kc7 50. Ne5 Rg8 51. Nxc4 bxc4 52. Bxc4 Rb8 53. b3 Kd6
54. Kg2 Ke5 55. h3 gxh3+ 56. Kxh3 Ke4 57. Kg4 Rb7 58. Kg5 Rg7+ 59. Kf6 Rh7 60.
f4 Rh3 61. f5 Rxg3 62. Ke6 Kf4 63. f6 Re3+ 64. Kd7 1-0

[Event "World Junior Open 2015"]
[Site "Khanty-Mansiysk RUS"]
[Date "2015.09.04"]
[Round "3.2"]
[White "Sunilduth Lyna, Narayanan"]
[Black "Antipov, Mikhail Al."]
[Result "1/2-1/2"]
[WhiteTitle "IM"]
[BlackTitle "GM"]
[WhiteElo "2473"]
[BlackElo "2538"]
[WhiteFideId "5058422"]
[BlackFideId "4107012"]
[EventDate "2015.09.02"]

1. d4 Nf6 2. c4 e6 3. Nf3 Bb4+ 4. Nbd2 O-O 5. a3 Be7 6. e4 d6 7. b3 e5 8. Bb2
exd4 9. Nxd4 Re8 10. Be2 Bf8 11. Qc2 c5 12. N4f3 g6 13. O-O Bg7 14. Bc3 Nc6 15.
b4 Bg4 16. Rad1 Qc7 17. b5 Ne5 18. Rfe1 Bxf3 19. Nxf3 Nxf3+ 20. Bxf3 Nd7 21.
Bxg7 Kxg7 22. Qc3+ f6 23. a4 a6 24. Ra1 axb5 25. cxb5 Ra5 26. b6 Qxb6 27. Rab1
Qa6 28. e5 Nxe5 29. Bxb7 Qa7 30. Bc6 Re7 31. Bb5 g5 32. Rbd1 Qc7 33. Qg3 c4 34.
h4 h6 35. f4 Qa7+ 36. Kh2 Nd3 37. fxg5 hxg5 38. Rxe7+ Qxe7 39. hxg5 fxg5 40. Rf1
Ra8 41. Rf3 Qe5 42. Qxe5+ Nxe5 43. Rf1 Rc8 44. Kg3 d5 45. Rd1 c3 46. Kf2 d4 47.
Ke2 Kf6 48. Bd3 Rc5 49. Be4 Nc4 50. Rf1+ Ke5 51. Bd3 Nb2 52. a5 Nxd3 53. Kxd3
Rxa5 54. g4 Rc5 55. Rf5+ Kd6 56. Rf6+ Ke7 57. Rf1 c2 58. Rc1 Ke6 59. Kxd4 Kd6
60. Ke4 Ke6 61. Kd4 Rc8 62. Re1+ Kd7 63. Rc1 Kd6 64. Ke4 Rc5 65. Kd4 Rc8 66. Ke4
Re8+ 67. Kf3 Rf8+ 68. Ke3 Rc8 69. Ke4 Rc4+ 70. Kf5 Kd5 71. Kxg5 Ke4 72. Kh5 Kf4
73. g5 Rc3 74. Kh6 Ke3 1/2-1/2

[Event "World Junior Open 2015"]
[Site "Khanty-Mansiysk RUS"]
[Date "2015.09.04"]
[Round "3.3"]
[White "Duda, Jan-Krzysztof"]
[Black "Yuffa, Daniil"]
[Result "1/2-1/2"]
[WhiteTitle "GM"]
[BlackTitle "IM"]
[WhiteElo "2645"]
[BlackElo "2476"]
[WhiteFideId "1170546"]
[BlackFideId "24131423"]
[EventDate "2015.09.02"]

1. e4 c6 2. d4 d5 3. Nc3 dxe4 4. Nxe4 Bf5 5. Ng3 Bg6 6. Nh3 Nf6 7. Nf4 e5 8.
dxe5 Qa5+ 9. c3 Qxe5+ 10. Qe2 Nbd7 11. Nxg6 hxg6 12. Bf4 Qxe2+ 13. Bxe2 O-O-O
14. Rd1 Nd5 15. Bc1 N7f6 16. Bf3 Bd6 17. Ne2 Nb6 18. g3 Nc4 19. O-O Bc5 20. Bg2
Ng4 21. Rxd8+ Rxd8 22. Bh3 f5 23. Kg2 Nxf2 24. Rxf2 Bxf2 25. Kxf2 Ne5 26. Be3
Nd3+ 27. Kf3 Ne1+ 28. Kf2 Nd3+ 29. Kf1 Rh8 30. Bg2 Nxb2 31. h4 Rd8 32. Bd4 c5
33. Bxg7 Rd2 34. Nf4 Nc4 35. Ke1 Rxa2 36. Bd5 b5 37. Nxg6 Rh2 38. Bxc4 bxc4 39.
Ne5 Kc7 40. Nxc4 Kc6 41. Ne5+ Kd5 42. Kf1 f4 43. c4+ Ke4 44. Ng4 Rc2 45. gxf4
Kxf4 46. Ne5 Rh2 47. Ke1 Rg2 48. Bh8 Rh2 1/2-1/2

[Event "World Junior Open 2015"]
[Site "Khanty-Mansiysk RUS"]
[Date "2015.09.04"]
[Round "3.4"]
[White "Georgiadis, Nico"]
[Black "Bok, Benjamin"]
[Result "1/2-1/2"]
[WhiteTitle "IM"]
[BlackTitle "GM"]
[WhiteElo "2484"]
[BlackElo "2586"]
[WhiteFideId "1300113"]
[BlackFideId "1017063"]
[EventDate "2015.09.02"]

1. d4 Nf6 2. c4 e6 3. g3 c5 4. d5 exd5 5. cxd5 d6 6. Nc3 g6 7. Bg2 Bg7 8. Nf3
O-O 9. O-O Re8 10. Bf4 Bf5 11. Nh4 Bc8 12. Nf3 Bf5 13. Nh4 Bc8 14. Re1 Nh5 15.
Bd2 Nd7 16. Nf3 a6 17. a4 Rb8 18. e4 b5 19. axb5 axb5 20. Qc2 b4 21. Nd1 Nhf6
22. Bf4 Nb6 23. Ra7 h6 24. b3 Bg4 25. Kf1 g5 26. Bc1 Bh5 27. Nd2 Bg6 28. Nc4
Nfxd5 29. Bb2 Nf6 30. Ra6 Nxc4 31. Qxc4 Re6 32. Bxf6 Qxf6 33. Ne3 Qd4 34. Rd1
Qxc4+ 35. Nxc4 Bxe4 36. Bxe4 Rxe4 37. Raxd6 Bd4 38. Rxh6 Ra8 39. Rc6 Ra2 40. Rd2
Ra1+ 41. Kg2 Rb1 42. Ra2 g4 43. h3 gxh3+ 1/2-1/2

[Event "World Junior Open 2015"]
[Site "Khanty-Mansiysk RUS"]
[Date "2015.09.04"]
[Round "3.5"]
[White "Bluebaum, Matthias"]
[Black "Gagare, Shardul"]
[Result "1-0"]
[WhiteTitle "GM"]
[BlackTitle "IM"]
[WhiteElo "2580"]
[BlackElo "2469"]
[WhiteFideId "24651516"]
[BlackFideId "5037883"]
[EventDate "2015.09.02"]

1. d4 Nf6 2. c4 e6 3. Nc3 Bb4 4. Nf3 O-O 5. Bg5 h6 6. Bh4 c5 7. Rc1 cxd4 8. Nxd4
b6 9. Nb5 Ba6 10. Qa4 Be7 11. Bg3 Bxb5 12. Qxb5 Nc6 13. e3 a6 14. Qb3 Nh5 15.
Be2 Nxg3 16. hxg3 f5 17. O-O Rb8 18. Rfd1 Ne5 19. Rd2 Qc7 20. Rcd1 Rfd8 21. e4
fxe4 22. Nxe4 b5 23. c5 a5 24. Bxb5 Qb7 25. Rxd7 Nxd7 26. Qxe6+ Kh8 27. Bxd7 Bf8
28. c6 Qb6 29. Ng5 1-0